<?xml version="1.0" encoding="UTF-8"?>
<record
    xmlns:xsi="http://www.w3.org/2001/XMLSchema-instance"
    xsi:schemaLocation="http://www.loc.gov/MARC21/slim http://www.loc.gov/standards/marcxml/schema/MARC21slim.xsd"
    xmlns="http://www.loc.gov/MARC21/slim">

  <leader>01987    a2200217   4500</leader>
  <controlfield tag="001">48556</controlfield>
  <controlfield tag="005">20260407155750.0</controlfield>
  <controlfield tag="008">260407a1973    arg                 spa d</controlfield>
  <controlfield tag="003">AR-UNSa-BCEJYS</controlfield>
  <datafield tag="040" ind1=" " ind2=" ">
    <subfield code="a">AR-UNSa-BCEJYS</subfield>
    <subfield code="b">spa</subfield>
    <subfield code="c">AR-UNSa-BCEJYS</subfield>
  </datafield>
  <datafield tag="080" ind1=" " ind2=" ">
    <subfield code="a">330.4</subfield>
    <subfield code="x">Econom&#xED;a matem&#xE1;tica</subfield>
  </datafield>
  <datafield tag="245" ind1="1" ind2="0">
    <subfield code="a">El an&#xE1;lisis lineal en la teor&#xED;a econ&#xF3;mica</subfield>
  </datafield>
  <datafield tag="020" ind1=" " ind2=" ">
    <subfield code="a">0-13-246934-0</subfield>
  </datafield>
  <datafield tag="264" ind1=" " ind2="1">
    <subfield code="a">Bogot&#xE1; :</subfield>
    <subfield code="b">Prentice/Hall Internacional</subfield>
    <subfield code="c">1973</subfield>
  </datafield>
  <datafield tag="300" ind1=" " ind2=" ">
    <subfield code="a">521 p.</subfield>
    <subfield code="c">23 cm.</subfield>
  </datafield>
  <datafield tag="505" ind1=" " ind2=" ">
    <subfield code="a">PRIMERA PARTE: Las t&#xE9;cnicas de programaci&#xF3;n lineal aplicadas a la teor&#xED;a de la firma: 1. Introducci&#xF3;n - 2. M&#xE9;todos elementales de resoluci&#xF3;n de ecuaciones lineales - 3. Soluci&#xF3;n de un problema de programaci&#xF3;n lineal: El m&#xE9;todo simplex - 4. Precios de los insumos y el problema dual de la Programaci&#xF3;n Lineal - 5. La programaci&#xF3;n lineal param&#xE9;trica y las curvas de demanda y oferta - 6. Vectores y espacios vectoriales - 7. La versi&#xF3;n geom&#xE9;trica de la firma multiproductora - SEGUNDA PARTE: Modelos econ&#xF3;micos de la firma: 8. La firma monoproductora con procesos m&#xFA;ltiples - 9. La versi&#xF3;n continua de una firma monoproductora - 10. Productos conjuntos y minimizaci&#xF3;n del costo: una versi&#xF3;n alternativa de la firma - 11. La teor&#xED;a de la firma multiproductora: s&#xED;ntesis y generalizaci&#xF3;n - TERCERA PARTE: Teor&#xED;a del consumidor: 12. Preferencia y utilidad - 13. Elecci&#xF3;n y demanda - 14. Extensi&#xF3;n de la teor&#xED;a: la oferta de insumos y la familia como unidad consumidora - CUARTA PARTE: Mercados, industrias y la econom&#xED;a: 15. Mercados de competencia pura - 16. El equilibrio y el &#xF3;ptimo de las industrias de competencia pura - 17. Equilibrio general de la econom&#xED;a: existencia y estabilidad - 18. El sistema del insumo producto de Leontief - 19. El equilibrio y el &#xF3;ptimo de le econom&#xED;a - 20. Monopolio, competencia monopol&#xED;stica y oligopolio.</subfield>
  </datafield>
  <datafield tag="942" ind1=" " ind2=" ">
    <subfield code="c">BK</subfield>
  </datafield>
  <datafield tag="590" ind1=" " ind2=" ">
    <subfield code="a">niveau_biblio:m niveau_hierar:0</subfield>
  </datafield>
  <datafield tag="100" ind1="1" ind2=" ">
    <subfield code="a">Vandermeulen, Daniel C.</subfield>
  </datafield>
  <datafield tag="700" ind1="1" ind2=" ">
    <subfield code="a">Ferrero, Fernando</subfield>
  </datafield>
  <datafield tag="999" ind1=" " ind2=" ">
    <subfield code="c">4624</subfield>
    <subfield code="d">4624</subfield>
  </datafield>
  <datafield tag="952" ind1=" " ind2=" ">
    <subfield code="0">0</subfield>
    <subfield code="1">0</subfield>
    <subfield code="4">0</subfield>
    <subfield code="7">0</subfield>
    <subfield code="a">BCEJYS</subfield>
    <subfield code="b">BCEJYS</subfield>
    <subfield code="c">16</subfield>
    <subfield code="d">2026-04-07</subfield>
    <subfield code="l">0</subfield>
    <subfield code="o">330.4 V225</subfield>
    <subfield code="p">L53282</subfield>
    <subfield code="r">2026-04-07 15:57:50</subfield>
    <subfield code="w">2026-04-07</subfield>
    <subfield code="y">L</subfield>
  </datafield>
  <datafield tag="952" ind1=" " ind2=" ">
    <subfield code="0">0</subfield>
    <subfield code="1">0</subfield>
    <subfield code="4">0</subfield>
    <subfield code="7">0</subfield>
    <subfield code="a">BCEJYS</subfield>
    <subfield code="b">BCEJYS</subfield>
    <subfield code="c">16</subfield>
    <subfield code="d">2026-04-07</subfield>
    <subfield code="l">0</subfield>
    <subfield code="o">330.4 V225</subfield>
    <subfield code="p">L25841</subfield>
    <subfield code="r">2026-04-07 15:57:50</subfield>
    <subfield code="w">2026-04-07</subfield>
    <subfield code="y">L</subfield>
  </datafield>
  <datafield tag="952" ind1=" " ind2=" ">
    <subfield code="0">0</subfield>
    <subfield code="1">0</subfield>
    <subfield code="4">0</subfield>
    <subfield code="7">0</subfield>
    <subfield code="a">BCEJYS</subfield>
    <subfield code="b">BCEJYS</subfield>
    <subfield code="c">16</subfield>
    <subfield code="d">2026-04-07</subfield>
    <subfield code="l">0</subfield>
    <subfield code="o">330.4 V225</subfield>
    <subfield code="p">L25840</subfield>
    <subfield code="r">2026-04-07 15:57:50</subfield>
    <subfield code="w">2026-04-07</subfield>
    <subfield code="y">L</subfield>
  </datafield>
</record>
